[Event "RUS-ch Seniors (Women)"]
[Site "Odintsovo"]
[Date "2008.10.11"]
[Round "9"]
[White "Saunina, Ludmila"]
[Black "Shestoperova, Aleksandra S"]
[Result "1-0"]
[WhiteElo "2298"]
[BlackElo "2110"]
[PlyCount "137"]
[EventDate "2008.10.02"]
[EventType "swiss"]
[EventRounds "9"]
[EventCountry "RUS"]
[SourceTitle "CBM 127 Extra"]
[Source "ChessBase"]
[SourceDate "2009.01.08"]
[SourceVersion "2"]
[SourceVersionDate "2009.01.28"]
[SourceQuality "1"]

1. e4 c5 2. Nf3 Nc6 3. Nc3 e5 4. Bc4 h6 5. d3 Nf6 6. a4 d6 7. h3 Be7 8. 0-0 0-0 9. Nd5 Nxd5 10. Bxd5 Be6 11. c3 Qc8 12. Nh2 Nd8 13. f4 exf4 14. Bxf4 Nc6 15. Nf3 Qd7 16. d4 cxd4 17. Nxd4 Bxd5 18. exd5 Nxd4 19. Qxd4 Bf6 20. Qd3 Be5 21. Bxe5 dxe5 22. Rf5 Qd6 23. Raf1 Rad8 24. c4 Qb6+ 25. R1f2 f6 26. R5f3 Qc7 27. b3 a5 28. Qg6 Qe7 29. Rg3 Kh8 30. Qe4 b6 31. h4 Qd7 32. Rf5 Rf7 33. Rg6 Kg8 34. Qg4 Kf8 35. h5 Qc7 36. Qe4 Qc5+ 37. Kh2 Qc7 38. Kh1 Re8 39. Rg3 Qd7 40. Rgf3 Qd6 41. g4 Ree7 42. Kg2 Kg8 43. Rf1 Rc7 44. R5f3 Rce7 45. Rc1 Rf8 46. Rfc3 Rc7 47. Rf1 Re7 48. Re3 Rff7 49. Qf5 Rc7 50. Rd1 Rcd7 51. Red3 Rfe7 52. Re1 Rc7 53. Qg6 Rcd7 54. Rf3 Rf7 55. Ref1 Qf8 56. Rxf6 Rxf6 57. Rxf6 Qxf6 58. Qe8+ Qf8 59. Qxd7 Qb4 60. Qe8+ Kh7 61. Qg6+ Kg8 62. Qe8+ Kh7 63. Qxe5 Qxb3 64. Qe4+ Kg8 65. Qe6+ Kf8 66. d6 Qb2+ 67. Kf3 Qc3+ 68. Ke4 Qe1+ 69. Kd5 1-0

[Event "RUS-ch Seniors (Women)"]
[Site "Odintsovo"]
[Date "2008.10.04"]
[Round "3"]
[White "Goncharova, Nadezhda"]
[Black "Shestoperova, Aleksandra S"]
[Result "0-1"]
[WhiteElo "1992"]
[BlackElo "2110"]
[PlyCount "136"]
[EventDate "2008.10.02"]
[EventType "swiss"]
[EventRounds "9"]
[EventCountry "RUS"]
[SourceTitle "CBM 127 Extra"]
[Source "ChessBase"]
[SourceDate "2009.01.08"]
[SourceVersion "2"]
[SourceVersionDate "2009.01.28"]
[SourceQuality "1"]

1. d4 d5 2. Nf3 c6 3. g3 Nf6 4. Bg2 g6 5. Nbd2 Bg7 6. b3 0-0 7. Bb2 Nbd7 8. 0-0 a5 9. c4 Re8 10. h3 h6 11. Ne5 e6 12. Qc2 Nxe5 13. dxe5 Nh7 14. Rad1 Qb6 15. c5 Qc7 16. f4 Nf8 17. Bd4 Qd8 18. Qc3 Nd7 19. Qd3 Qe7 20. Rc1 Nf8 21. Kh2 f5 22. g4 fxg4 23. hxg4 Qh4+ 24. Qh3 Qxh3+ 25. Bxh3 Nd7 26. Nf3 Nf8 27. Kg3 a4 28. b4 a3 29. Rb1 Bd7 30. Ne1 Ra4 31. Rf3 Rea8 32. Nc2 Be8 33. Rbb3 Nd7 34. Rxa3 g5 35. Rxa4 gxf4+ 36. Kxf4 Rxa4 37. Ra3 Rxa3 38. Nxa3 Kf7 39. Nc2 Nf8 40. a4 Ng6+ 41. Ke3 Bxe5 42. Bxe5 Nxe5 43. Kd4 Ng6 44. e3 e5+ 45. Kc3 Bd7 46. Na3 Nf8 47. b5 Ke7 48. b6 Ne6 49. Kb4 Ng5 50. Bf1 Bxg4 51. a5 Bc8 52. a6 bxa6 53. Ka5 Ne4 54. Bxa6 Bxa6 55. Kxa6 Nxc5+ 56. Ka7 h5 57. Nc2 h4 58. Nb4 Kd6 59. Nd3 Nd7 60. Nf2 c5 61. b7 c4 62. Ng4 Ke6 63. Nf2 Kd6 64. b8Q+ Nxb8 65. Kxb8 c3 66. Nd3 h3 67. Kb7 h2 68. Nf2 c2 0-1

[Event "EU-ch Seniors 06th"]
[Site "Davos"]
[Date "2006.08.09"]
[Round "4"]
[White "Shestoperova, Aleksandra S"]
[Black "Jahr, Dieter"]
[Result "1-0"]
[WhiteElo "2163"]
[BlackElo "2036"]
[PlyCount "65"]
[EventDate "2006.08.05"]
[EventType "swiss"]
[EventRounds "9"]
[EventCountry "SUI"]
[SourceTitle "CBM 113 Extra"]
[Source "ChessBase"]
[SourceDate "2006.09.14"]
[SourceVersion "1"]
[SourceVersionDate "2006.09.14"]
[SourceQuality "1"]

1. d4 d5 2. Nf3 Nf6 3. e3 e6 4. Bd3 c5 5. c3 h6 6. Nbd2 Nbd7 7. Ne5 Be7 8. 0-0 0-0 9. f4 b6 10. Nc6 Qe8 11. Nxe7+ Qxe7 12. Qf3 Bb7 13. Kh1 Nh7 14. Qg3 f5 15. b3 Nhf6 16. Bb2 cxd4 17. exd4 Ne4 18. Qe1 Nxd2 19. Qxd2 Nf6 20. a4 Ne4 21. Bxe4 fxe4 22. Ba3 Qc7 23. Bxf8 Rxf8 24. Rac1 Qd6 25. b4 Rc8 26. f5 e5 27. f6 exd4 28. Qxd4 Rc4 29. Qe3 d4 30. cxd4 Rxd4 31. f7+ Kf8 32. Qc3 e3 33. Qxe3 1-0

[Event "EU-ch Seniors 06th"]
[Site "Davos"]
[Date "2006.08.07"]
[Round "3"]
[White "Shestoperov, Aleksej"]
[Black "Shestoperova, Aleksandra S"]
[Result "1-0"]
[WhiteElo "2411"]
[BlackElo "2163"]
[PlyCount "63"]
[EventDate "2006.08.05"]
[EventType "swiss"]
[EventRounds "9"]
[EventCountry "SUI"]
[SourceTitle "CBM 113 Extra"]
[Source "ChessBase"]
[SourceDate "2006.09.14"]
[SourceVersion "1"]
[SourceVersionDate "2006.09.14"]
[SourceQuality "1"]

1. d4 Nf6 2. c4 c5 3. d5 e5 4. Nc3 d6 5. e4 g6 6. Be2 Bg7 7. Nf3 0-0 8. Bg5 h6 9. Bh4 Qa5 10. Nd2 a6 11. 0-0 Qc7 12. a3 Nh7 13. b4 b6 14. Rb1 f5 15. f3 g5 16. Bf2 f4 17. bxc5 bxc5 18. Qa4 Nf6 19. Nb3 Nbd7 20. Qc6 Ra7 21. Qxc7 Rxc7 22. Na5 Ne8 23. Rb3 h5 24. Rfb1 Bf6 25. Nc6 Kf7 26. Na4 Rg8 27. Be1 Nf8 28. Ba5 Nd7 29. Bxc7 Nxc7 30. Rb7 Ne8 31. Rxd7+ Bxd7 32. Rb7 1-0

[Event "RUS-ch Seniors (Women)"]
[Site "Zvenigorod"]
[Date "2005.12.05"]
[Round "7"]
[White "Shestoperova, Aleksandra S"]
[Black "Melnik, Galina Ivanovna"]
[Result "1/2-1/2"]
[WhiteElo "2167"]
[BlackElo "2071"]
[PlyCount "76"]
[EventDate "2005.11.28"]
[EventType "swiss"]
[EventRounds "7"]
[EventCountry "RUS"]
[SourceTitle "EXT 2007"]
[Source "ChessBase"]
[SourceDate "2006.11.23"]
[SourceVersion "1"]
[SourceVersionDate "2006.11.23"]
[SourceQuality "1"]

1. e4 e5 2. Nf3 Nf6 3. Nc3 Nc6 4. Bb5 Bb4 5. 0-0 d6 6. d3 0-0 7. Bg5 Bxc3 8. bxc3 Bg4 9. h3 Bh5 10. g4 Bg6 11. Nh4 h6 12. Nxg6 fxg6 13. Bc4+ Kh7 14. Bh4 Na5 15. Bb3 Nxb3 16. axb3 a6 17. c4 Qd7 18. Kg2 Ng8 19. Bg3 g5 20. h4 gxh4 21. Bxh4 Rf4 22. f3 Raf8 23. Bg3 R4f7 24. Qe2 Ne7 25. Rf2 Ng6 26. Rh1 Nf4+ 27. Bxf4 Rxf4 28. Rh3 Qf7 29. Rf1 Kg8 30. Rfh1 Qf6 31. Rg3 Qe7 32. Rh4 R8f6 33. Qd1 Qf8 34. g5 Rg6 35. gxh6 Rxg3+ 36. Kxg3 gxh6 37. Qh1 Rf6 38. Kf2 Qg7 1/2-1/2

[Event "RUS-ch Seniors (Women)"]
[Site "Zvenigorod"]
[Date "2005.12.03"]
[Round "5"]
[White "Shestoperova, Aleksandra S"]
[Black "Sorokina, Tamara"]
[Result "1/2-1/2"]
[WhiteElo "2167"]
[BlackElo "2169"]
[PlyCount "108"]
[EventDate "2005.11.28"]
[EventType "swiss"]
[EventRounds "7"]
[EventCountry "RUS"]
[SourceTitle "EXT 2007"]
[Source "ChessBase"]
[SourceDate "2006.11.23"]
[SourceVersion "1"]
[SourceVersionDate "2006.11.23"]
[SourceQuality "1"]

1. e4 c5 2. Nc3 Nc6 3. g3 g6 4. Bg2 Bg7 5. d3 d6 6. Be3 Nf6 7. h3 e5 8. Qd2 Nd4 9. Nd1 h5 10. c3 Ne6 11. Nf3 Bd7 12. Ng5 Qe7 13. 0-0 h4 14. g4 Bc6 15. Nxe6 Qxe6 16. f4 exf4 17. Bxf4 Nd7 18. Ne3 0-0-0 19. Rab1 Nb6 20. c4 Bd4 21. Kh1 f6 22. Nd5 Rde8 23. b4 f5 24. bxc5 Bxc5 25. exf5 gxf5 26. Rbe1 Qf7 27. Nxb6+ axb6 28. Bxc6 bxc6 29. Be3 Bxe3 30. Rxe3 Rxe3 31. Qxe3 Kc7 32. Rxf5 Qd7 33. Qf2 Rh7 34. g5 Qe6 35. Rf3 Kb7 36. Re3 Qg8 37. Qf6 Rf7 38. Re7+ Rxe7 39. Qxe7+ Ka6 40. Kg2 Qg6 41. Qe3 d5 42. cxd5 cxd5 43. d4 Qc2+ 44. Kf3 Qf5+ 45. Kg2 Qc2+ 46. Qf2 Qe4+ 47. Kg1 Ka5 48. Kh2 b5 49. Qd2+ Kb6 50. a3 Ka6 51. Qf2 Ka5 52. Qd2+ Ka6 53. Kg1 Qb1+ 54. Kh2 Qe4 1/2-1/2

[Event "Wch Seniors (Women) 15th"]
[Site "Lignano Sabbiadoro"]
[Date "2005.09.30"]
[Round "3"]
[White "Shestoperova, Aleksandra S"]
[Black "Kabanova, Irina"]
[Result "1/2-1/2"]
[WhiteElo "2167"]
[BlackElo "2046"]
[PlyCount "59"]
[EventDate "2005.09.28"]
[EventType "swiss"]
[EventRounds "9"]
[EventCountry "ITA"]
[SourceTitle "CBM 108 Extra"]
[Source "ChessBase"]
[SourceDate "2005.11.04"]
[SourceVersion "1"]
[SourceVersionDate "2005.11.04"]
[SourceQuality "1"]

1. e4 c5 2. Nf3 e6 3. d3 Nc6 4. g3 g6 5. Bg2 Bg7 6. 0-0 Nge7 7. c3 0-0 8. Re1 d6 9. Nbd2 Rb8 10. Nf1 b5 11. d4 cxd4 12. cxd4 Bb7 13. Be3 h6 14. Qd2 Kh7 15. h4 Na5 16. Qd3 f5 17. exf5 Nxf5 18. N1d2 Nc4 19. b3 Ncxe3 20. fxe3 Nxg3 21. e4 Nh5 22. Rac1 a6 23. Qe3 Qe7 24. Rc2 Rbc8 25. Rec1 Rxc2 26. Rxc2 Rf7 27. e5 Nf4 28. Nf1 Qf8 29. N1h2 dxe5 30. dxe5 1/2-1/2

[Event "RUS-ch Seniors (Women)"]
[Site "Tula"]
[Date "2004.05.??"]
[Round "8"]
[White "Shestoperova, Aleksandra S"]
[Black "Fatalibekova, Elena"]
[Result "0-1"]
[WhiteElo "2164"]
[BlackElo "2302"]
[PlyCount "59"]
[EventDate "2004.05.??"]
[EventType "swiss"]
[EventRounds "8"]
[EventCountry "RUS"]
[SourceTitle "EXT 2005"]
[Source "ChessBase"]
[SourceDate "2004.11.15"]
[SourceVersion "1"]
[SourceVersionDate "2004.11.15"]
[SourceQuality "1"]

1. d4 Nf6 2. Nf3 g6 3. Bg5 Bg7 4. e3 0-0 5. Be2 d5 6. 0-0 c5 7. c3 Nbd7 8. Nbd2 b6 9. Ne5 Nxe5 10. dxe5 Nd7 11. f4 Bb7 12. Bh4 Re8 13. Bg4 Nf8 14. Re1 Qc7 15. Rc1 Rad8 16. Qc2 f6 17. exf6 exf6 18. f5 Qf7 19. Bf2 Bh6 20. b3 Nd7 21. fxg6 hxg6 22. Bxd7 Rxd7 23. Rcd1 Kg7 24. c4 Red8 25. a4 Qe6 26. h3 dxc4 27. Nxc4 Rxd1 28. Rxd1 Qe4 29. Kf1 Qxg2+ 30. Ke1 0-1

[Event "RUS-ch Seniors (Women)"]
[Site "Tula"]
[Date "2004.05.??"]
[Round "3"]
[White "Shestoperova, Aleksandra S"]
[Black "Zvorykina, Kira"]
[Result "1-0"]
[WhiteElo "2164"]
[BlackElo "2082"]
[PlyCount "83"]
[EventDate "2004.05.??"]
[EventType "swiss"]
[EventRounds "8"]
[EventCountry "RUS"]
[SourceTitle "EXT 2005"]
[Source "ChessBase"]
[SourceDate "2004.11.15"]
[SourceVersion "1"]
[SourceVersionDate "2004.11.15"]
[SourceQuality "1"]

1. d4 Nf6 2. c4 d6 3. Nc3 e5 4. d5 Nbd7 5. e4 Nc5 6. Qc2 a5 7. Be3 Be7 8. f3 b6 9. Bxc5 dxc5 10. Bd3 Nh5 11. 0-0-0 Bg5+ 12. Kb1 Be3 13. g3 Bd7 14. Be2 Qg5 15. g4 Nf4 16. h4 Qf6 17. g5 Qd6 18. Bf1 h6 19. Nh3 hxg5 20. Nxf4 Bxf4 21. Bh3 Rxh4 22. Bxd7+ Qxd7 23. Qf2 Rxh1 24. Rxh1 0-0-0 25. Qg2 Rg8 26. a3 g6 27. Rh7 Kb7 28. Nb5 Rf8 29. Nc3 Ka6 30. Kc2 Qc8 31. Nb5 Qd7 32. Qh1 Qc8 33. b4 cxb4 34. axb4 g4 35. bxa5 bxa5 36. Qf1 gxf3 37. Qxf3 Qd7 38. Qf2 c6 39. dxc6 Qe7 40. c7 Ra8 41. Rh8 Kb7 42. Rxa8 1-0

[Event "Wch Seniors (Women) 12th"]
[Site "Naumburg"]
[Date "2002.11.02"]
[Round "11"]
[White "Gudova, Tamara"]
[Black "Shestoperova, Aleksandra S"]
[Result "1/2-1/2"]
[WhiteElo "2060"]
[BlackElo "2169"]
[PlyCount "120"]
[EventDate "2002.10.21"]
[EventType "swiss"]
[EventRounds "11"]
[EventCountry "GER"]
[SourceTitle "EXT 2006"]
[Source "ChessBase"]
[SourceDate "2005.11.24"]
[SourceVersion "1"]
[SourceVersionDate "2005.11.24"]
[SourceQuality "1"]

1. d4 Nf6 2. c4 c5 3. e3 g6 4. Nc3 cxd4 5. exd4 Bg7 6. Nf3 0-0 7. Be2 d5 8. 0-0 Nc6 9. Ne5 dxc4 10. Nxc6 bxc6 11. Bxc4 Nd5 12. h3 Nb6 13. Bb3 Qxd4 14. Qf3 Ba6 15. Rd1 Qf6 16. Qg4 Qf5 17. Qxf5 gxf5 18. Be3 Bf6 19. Rd2 Rfd8 20. Rad1 e6 21. Bc5 Rxd2 22. Rxd2 Nd5 23. Ne2 Bg5 24. f4 Nxf4 25. Nxf4 Bxf4 26. Rd7 Be5 27. Bd1 Bc8 28. Rd8+ Kg7 29. Bh5 Bxb2 30. g4 fxg4 31. hxg4 h6 32. Bf8+ Kf6 33. Bxh6 c5 34. Rf8 Bd4+ 35. Kh2 Ke5 36. Bxf7 Kd6 37. g5 Be3 38. Kg3 Bb7 39. Rxa8 Bxa8 40. Bf8+ Ke5 41. g6 Kf6 42. Be8 Bd5 43. g7 e5 44. Kg4 c4 45. Bc6 Bg8 46. Kf3 Bf4 47. Ke2 Kf5 48. Bc5 Bh6 49. Bxa7 Bxg7 50. Be3 Ke6 51. Kd2 Kd6 52. Be4 Bd5 53. Bg6 e4 54. a4 Bc6 55. a5 c3+ 56. Kc1 Be5 57. a6 Kc7 58. Bf5 Kb8 59. Bg6 Kc7 60. Bf5 Bb5 1/2-1/2

[Event "Wch Seniors (Women) 12th"]
[Site "Naumburg"]
[Date "2002.10.29"]
[Round "7"]
[White "Shestoperova, Aleksandra S"]
[Black "Shushpanova, Nina Aleksandro"]
[Result "1/2-1/2"]
[WhiteElo "2169"]
[BlackElo "2058"]
[PlyCount "94"]
[EventDate "2002.10.21"]
[EventType "swiss"]
[EventRounds "11"]
[EventCountry "GER"]
[SourceTitle "EXT 2006"]
[Source "ChessBase"]
[SourceDate "2005.11.24"]
[SourceVersion "1"]
[SourceVersionDate "2005.11.24"]
[SourceQuality "1"]

1. d4 g6 2. Nf3 Bg7 3. c4 c6 4. e4 d6 5. h3 Nf6 6. Nc3 0-0 7. Bd3 Nbd7 8. 0-0 Qc7 9. Be3 e5 10. d5 cxd5 11. cxd5 a6 12. Rc1 Qd8 13. b4 Nh5 14. Bg5 f6 15. Bd2 Nf4 16. Bb1 Rf7 17. Kh2 Nf8 18. Bxf4 exf4 19. Nd4 Qb6 20. a3 f5 21. Nce2 fxe4 22. Bxe4 Be5 23. Kh1 Bd7 24. Qd2 Rc8 25. Qd3 Re7 26. f3 Ree8 27. Qd2 Red8 28. Rfe1 Rxc1 29. Rxc1 Rc8 30. Rxc8 Bxc8 31. Qc3 Bd7 32. Qc4 Qd8 33. Ne6 Qh4 34. Ng1 Qf2 35. Qe2 Qxe2 36. Nxe2 Nxe6 37. dxe6 Bxe6 38. Bxb7 Bc4 39. Ng1 Bb2 40. a4 Bc3 41. b5 axb5 42. axb5 Bxb5 43. Kh2 Kg7 44. h4 Kf6 45. Nh3 Ke5 46. Ba8 h6 47. Be4 g5 1/2-1/2

[Event "Wch Seniors (Women) 10th"]
[Site "Rowy"]
[Date "2000.09.14"]
[Round "4"]
[White "Shestoperova, Aleksandra S"]
[Black "Gumilevskaja, Galina"]
[Result "1/2-1/2"]
[WhiteElo "2176"]
[BlackElo "2063"]
[PlyCount "66"]
[EventDate "2000.09.11"]
[EventType "swiss"]
[EventRounds "11"]
[EventCountry "POL"]
[SourceTitle "CBM 078 Extra"]
[Source "ChessBase"]
[SourceDate "2000.11.10"]
[SourceVersion "1"]
[SourceVersionDate "2000.11.10"]
[SourceQuality "1"]

1. e4 g6 2. d4 Bg7 3. Nc3 c6 4. h3 d5 5. Be3 dxe4 6. Nxe4 Bf5 7. Ng3 Be6 8. Qd2 h5 9. Ne4 Nh6 10. Nc5 Bc8 11. c3 b6 12. Nd3 Nf5 13. Bf4 f6 14. h4 Be6 15. Ne2 Qd7 16. Ng3 Nxg3 17. Bxg3 Bxa2 18. Be2 Bf7 19. 0-0 a5 20. Bf3 0-0 21. Qe3 Bc4 22. Rfd1 Bxd3 23. Qxd3 f5 24. Qc4+ Kh7 25. Bxb8 Raxb8 26. Qxc6 Qd8 27. Qd5 Qc7 28. Re1 Bf6 29. g3 f4 30. Kg2 fxg3 31. fxg3 Rbd8 32. Qc6 Qxc6 33. Bxc6 Kh6 1/2-1/2

[Event "Voronezh op 3rd"]
[Site "Voronezh"]
[Date "1999.??.??"]
[Round "6"]
[White "Gulkov, Igor A"]
[Black "Shestoperova, Aleksandra S"]
[Result "1-0"]
[WhiteElo "2330"]
[BlackElo "2164"]
[PlyCount "61"]
[EventDate "1999.06.??"]
[EventType "swiss"]
[EventRounds "9"]
[EventCountry "RUS"]
[SourceTitle "EXT 2001"]
[Source "ChessBase"]
[SourceDate "2000.11.22"]
[SourceVersion "1"]
[SourceVersionDate "2000.11.22"]
[SourceQuality "1"]

1. Nf3 d5 2. d4 c6 3. c4 Nf6 4. Nc3 g6 5. e3 Bg7 6. Be2 0-0 7. 0-0 Be6 8. b3 b6 9. Bb2 Bc8 10. b4 Ne4 11. cxd5 Nxc3 12. Bxc3 cxd5 13. b5 Nd7 14. Qb3 Nf6 15. Ne5 Bb7 16. Bb4 Re8 17. Rac1 Ne4 18. Nc6 Qd7 19. f3 Ng5 20. Rc2 Ne6 21. Rfc1 a5 22. Ba3 f5 23. f4 a4 24. Qd3 Bf6 25. g4 fxg4 26. Bxg4 Nxf4 27. Bxd7 Nxd3 28. Rd1 Red8 29. Be6+ Kg7 30. Nxd8 Rxd8 31. Rxd3 1-0